000 00237nmm a2200085Ia 4500
008 220120s9999||||xx |||||||||||||||||und||
100 _aLFY April 2010
245 0 _acontent management system, joomla 1.2.15, drupal 6.16
260 _aEFY
_c2010
999 _c139472
_d139472